[Event "2016 Wellington Easter Open"]
[Site "Wellington NZL"]
[Date "2016.03.26" ]
[Round "4.1"]
[White "Steadman, Michael V R"]
[Black "Wastney, Scott"]
[Result "0-1"]
[WhiteElo "2338"]
[BlackElo "2448"]
[PlyCount "0"]
[EventDate "2016.03.25"]
[SourceDate ""]

1.c4 e6 2.Nc3 d5 3.cxd5 exd5 4.d4 Nf6 5.Bg5 Be7 6.e3 Nbd7 7.Qc2 O-O 8.Bd3 Re8
9.Nge2 c6 10.f3 Nf8 11.O-O g6 12.Rad1 Ne6 13.Bh4 b5 14.Bf2 Bb7 15.h3 a5 16.e4
b4 17.Na4 Ba6 18.e5 Bxd3 19.Rxd3 Nh5 20.Be3 Rc8 21.g4 Nhg7 22.f4 f5 23.exf6
Bxf6 24.Ng3 Nf8 25.Qf2 Bh4 26.Qf3 Bxg3 27.Qxg3 Qd6 28.Qg2 Nd7 29.f5 Re4
30.Bf2 Rf8 31.Bg3 Qe7 32.fxg6 Rxf1+ 33.Qxf1 hxg6 34.Rd2 Ne6 35.Bf2 Nf4 36.b3
Ne2+ 37.Kg2 Qe6 38.Kh1 Nxd4 0-1

[Event "2016 Wellington Easter Open"]
[Site "Wellington NZL"]
[Date "2016.03.26" ]
[Round "4.2"]
[White "Ker, Anthony F"]
[Black "Croad, Nicholas"]
[Result "1/2-1/2"]
[WhiteElo "2415"]
[BlackElo "2412"]
[PlyCount "0"]
[EventDate "2016.03.25"]
[SourceDate ""]

1.e4 c5 2.c3 d5 3.exd5 Qxd5 4.d4 e6 5.Nf3 Nf6 6.Be3 cxd4 7.cxd4 Be7 8.Nc3 Qd6
9.Bd3 Nc6 10.a3 O-O 11.O-O b6 12.Qe2 Bb7 13.Rad1 Rad8 14.Rfe1 Qb8 15.Bb1 Rfe8
16.Bg5 g6 17.Ba2 Ng4 18.g3 Bxg5 19.Nxg5 Nh6 20.Nce4 Re7 21.d5 exd5 22.Bxd5
Kg7 23.Qf3 Qe5 24.Qc3 Qxc3 25.Nxc3 Rde8 26.Re4 Na5 27.Bxb7 Nxb7 28.Rxe7 Rxe7
29.b4 Nf5 30.Nge4 h5 31.f3 Ne3 32.Rd3 Nc4 33.Kf2 Nxa3 34.Nd5 Re5 35.Rxa3 Rxd5
36.Rxa7 Nd8 37.f4 Nc6 38.Rb7 Nxb4 39.Ng5 Rf5 40.Rxb6 Nd5 41.Rb7 Kf8 42.Kf3
Ne7 43.Ke4 Ng8 44.h3 Nh6 45.Nf3 { (=) Draw Agreed } 1/2-1/2

[Event "2016 Wellington Easter Open"]
[Site "Wellington NZL"]
[Date "2016.03.26" ]
[Round "4.3"]
[White "Dive, Russell J"]
[Black "Thornton, Giovanni A"]
[Result "1/2-1/2"]
[WhiteElo "2452"]
[BlackElo "2235"]
[PlyCount "0"]
[EventDate "2016.03.25"]
[SourceDate ""]

1.d4 Nf6 2.Nf3 e6 3.g3 b6 4.Bg2 Bb7 5.O-O Be7 6.c4 O-O 7.d5 exd5 8.Nh4 c6
9.cxd5 Nxd5 10.Bxd5 Bxh4 11.gxh4 cxd5 12.Bg5 Qc7 13.Nc3 Qe5 14.e3 Na6 15.Bf4
Qf5 16.Nb5 Nc5 17.Nd4 Qg6+ 18.Bg3 Rac8 19.h5 Qf6 20.Qg4 Ne6 21.Rfd1 Rc4 22.b3
Nxd4 23.bxc4 Nf3+ 24.Kf1 Nd2+ 25.Ke1 Nf3+ 26.Ke2 dxc4 27.Qxd7 Be4 28.Bf4 Qb2+
29.Kf1 Bd3+ 30.Kg2 Nh4+ 31.Kg1 Nf3+ 32.Kg2 Nh4+ 33.Kg3 Nf5+ 34.Kg2 Nh4+
35.Kg1 Qe2 36.Bg3 Bf5 37.Qe7 Nf3+ 38.Kg2 Bd3 39.h6 gxh6 40.h4 Nd2 41.Rxd2
Qxd2 42.Rg1 Bg6 43.Be5 Qd8 44.Qxd8 Rxd8 45.Kf3 Kf8 46.Bd4 Rd7 47.Ke2 Ke7
48.Kd2 Rd5 49.Kc3 Rh5 50.Rg4 Ra5 51.Kb2 Bd3 52.Rg1 Rb5+ 53.Kc3 Ra5 54.Kb2
Rb5+ 55.Kc3 Ra5 56.Kb2 Rb5+ 57.Kc3 { Draw Agreed } 1/2-1/2

[Event "2016 Wellington Easter Open"]
[Site "Wellington NZL"]
[Date "2016.03.26" ]
[Round "4.4"]
[White "Nijman, Brian"]
[Black "Vincenti, David"]
[Result "0-1"]
[WhiteElo "2141"]
[BlackElo "2179"]
[PlyCount "0"]
[EventDate "2016.03.25"]
[SourceDate ""]

1.d4 e6 2.e4 d5 3.Nc3 Bb4 4.e5 c5 5.a3 Bxc3+ 6.bxc3 Qc7 7.Qd2 b6 8.g3 Ba6
9.Bxa6 Nxa6 10.a4 Rc8 11.a5 bxa5 12.Qd3 Qb6 13.Ne2 cxd4 14.Nxd4 Rc4 15.Ba3
Nb4 16.Bxb4 axb4 17.O-O Ne7 18.Rfb1 a5 19.Ne2 O-O 20.cxb4 axb4 21.c3 Nc6
22.cxb4 Nxe5 23.Qa3 Rc2 24.Ra2 Ng4 25.Rf1 Rxa2 26.Qxa2 Qxb4 27.Nf4 Ne5 28.Kg2
Qe4+ 29.f3 Qe3 30.Qc2 h6 31.Nh3 d4 32.f4 d3 33.Qd1 Qe4+ 34.Kg1 Qe3+ 35.Nf2
Nf3+ 36.Kg2 Qe2 37.Qxd3 Ne1+ 38.Rxe1 Qxe1 39.Ng4 Qa5 40.Qe3 Qd5+ 41.Kf2 Ra8
42.Ne5 Ra2+ 0-1

[Event "2016 Wellington Easter Open"]
[Site "Wellington NZL"]
[Date "2016.03.26" ]
[Round "4.5"]
[White "Nicholls, Leighton"]
[Black "Timergazi, Layla"]
[Result "1-0"]
[WhiteElo "1985"]
[BlackElo "2152"]
[PlyCount "0"]
[EventDate "2016.03.25"]
[SourceDate ""]

1.f4 d5 2.Nf3 c5 3.g3 Nc6 4.Bg2 Nf6 5.d3 g6 6.O-O Bg7 7.c3 O-O 8.Na3 Re8
9.Qe1 Qb6 10.Kh1 e5 11.fxe5 Nxe5 12.Nxe5 Rxe5 13.Bf4 Re8 14.Qd2 Bg4 15.e3 a6
16.Rae1 Qe6 17.Nc2 h6 18.d4 Ne4 19.Bxe4 dxe4 20.dxc5 Red8 21.Nd4 Qxa2 22.Ra1
Qc4 23.b4 Rd7 24.Bd6 Re8 25.Rfb1 Be5 26.Bxe5 Rxe5 27.Qc2 Qd3 28.Qc1 Rh5
29.Rb2 Bf3+ 30.Kg1 Rdd5 31.Qd2 Qc4 32.Qe1 Rdg5 33.Ne2 Rh3 34.Raa2 Bxe2
35.Rxe2 h5 36.Rg2 h4 37.gxh4 Rxg2+ 38.Rxg2 Kh7 39.Rf2 Qe6 40.Qf1 Kg7 41.Rxf7+
Kg8 42.Rxb7 Rf3 43.Qd1 Rf8 44.Qd7 Qxd7 45.Rxd7 Rf3 46.c6 1-0

[Event "2016 Wellington Easter Open"]
[Site "Wellington NZL"]
[Date "2016.03.26" ]
[Round "4.6"]
[White "Roberts, Michael H"]
[Black "Sellen, Ian"]
[Result "0-1"]
[WhiteElo "1843"]
[BlackElo "2116"]
[PlyCount "0"]
[EventDate "2016.03.25"]
[SourceDate ""]

1.e4 e6 2.d4 d5 3.Nc3 Bb4 4.e5 c5 5.a3 Bxc3+ 6.bxc3 Ne7 7.Nf3 Bd7 8.Be2 Qc7
9.O-O Nbc6 10.Rb1 b6 11.Bf4 O-O 12.Bg3 Nf5 13.Bd3 Nxg3 14.hxg3 f6 15.dxc5
Nxe5 16.Nxe5 fxe5 17.cxb6 axb6 18.Qc1 Qc5 19.Qb2 e4 20.Bb5 e3 21.Bxd7 exf2+
22.Kh2 Rf6 23.Kh3 Qe3 0-1

[Event "2016 Wellington Easter Open"]
[Site "Wellington NZL"]
[Date "2016.03.26" ]
[Round "4.7"]
[White "Forster, William"]
[Black "Kulkarni, Yogesh"]
[Result "0-1"]
[WhiteElo "2075"]
[BlackElo "1854"]
[PlyCount "0"]
[EventDate "2016.03.25"]
[SourceDate ""]

1.d4 d5 2.c4 c6 3.Nf3 Nf6 4.Nc3 dxc4 5.a4 Bf5 6.Ne5 Nbd7 7.Nxc4 e6 8.Bf4 Nb6
9.e3 Bb4 10.Qb3 Nbd5 11.O-O-O O-O 12.Bg5 Bxc3 13.bxc3 Qc7 14.f3 h6 15.Bxf6
Nxf6 16.Bd3 Bxd3 17.Rxd3 c5 18.Kd2 cxd4 19.cxd4 Rac8 20.Rc3 Nd5 21.Rc2 Rfd8
22.g3 Rb8 23.Rhc1 a6 24.a5 Qe7 25.Nb6 Qf6 26.Ke2 Qg5 27.Nxd5 Rxd5 28.Rc8+
Rxc8 29.Rxc8+ Kh7 30.Qc2+ g6 31.Rc5 Qd8 32.Qc4 Rd7 33.Qb4 Kg7 34.Qb6 Qxb6
35.axb6 Rd6 36.e4 Rxb6 37.Ke3 Rb3+ 38.Kf4 g5+ 39.Kg4 Kg6 40.f4 h5+ 41.Kh3
gxf4 42.Kh4 f3 43.d5 f2 44.Rc1 exd5 45.exd5 Rb2 46.g4 hxg4 47.Kxg4 Rd2 48.Rf1
b5 49.Ra1 a5 50.Kf3 a4 51.d6 b4 0-1

[Event "2016 Wellington Easter Open"]
[Site "Wellington NZL"]
[Date "2016.03.26" ]
[Round "4.8"]
[White "Goodhue, Nathan"]
[Black "Stracy, Don M"]
[Result "1-0"]
[WhiteElo "2074"]
[BlackElo "1742"]
[PlyCount "0"]
[EventDate "2016.03.25"]
[SourceDate ""]

1. b3 e5 2. Bb2 d6 3. g3 Bd7 4. Bg2 Bc6 5. e4 Nf6 6. d3 Be7 7. c4 Nbd7 8. Ne2
O-O 9. O-O b5 10. f3 a5 11. Nbc3 b4 12. Nd5 Nxd5 13. exd5 Bb7 14. f4 Bf6 15. d4
exd4 16. Bxd4 Bxd4+ 17. Nxd4 Nc5 18. Qd2 Qf6 19. g4 Rae8 20. g5 Qd8 21. Rae1
Rxe1 22. Rxe1 Re8 23. Re3 Kf8 24. Qe2 Rxe3 25. Qxe3 g6 26. f5 gxf5 27. Nxf5 Qe8
28. Qxe8+ Kxe8 29. Nd4 Nd3 30. Be4 Ne5 31. Bxh7 c5 32. dxc6 Nxc6 33. Nxc6 Bxc6
34. Kf2 Ke7 35. Ke3 Ke6 36. Be4 Be8 37. Kf4 a4 38. h4 a3 39. h5 Ba4 40. Bc2 Be8
41. h6 1-0

[Event "2016 Wellington Easter Open"]
[Site "Wellington NZL"]
[Date "2016.03.26" ]
[Round "4.9"]
[White "Jackson, L Ross"]
[Black "Wight, Joshua"]
[Result "1-0"]
[WhiteElo "2027"]
[BlackElo "1534"]
[PlyCount "0"]
[EventDate "2016.03.25"]
[SourceDate ""]

1.d4 d5 2.c4 c6 3.Nf3 Nf6 4.e3 Bg4 5.Nbd2 e6 6.Qb3 Bxf3 7.Qxb7 Nbd7 8.Nxf3
Qb6 9.Qxb6 axb6 10.Bd3 Bb4+ 11.Ke2 O-O 12.a3 Ra7 13.Rb1 Bd6 14.Re1 e5 15.dxe5
Nxe5 16.Nxe5 Bxe5 17.Kf1 dxc4 18.Bxc4 Ne4 19.g3 Rd7 20.Re2 Rd1+ 21.Re1 Nd2+
22.Bxd2 Rxd2 23.Re2 Rfd8 24.f4 Rd1+ 25.Rxd1 Rxd1+ 26.Kf2 Bf6 27.Rc2 Rb1
28.Be2 Bxb2 29.a4 c5 30.a5 Ba3 31.Ra2 bxa5 32.Rxa3 h6 33.Rxa5 Rh1 34.h4 Rc1
35.Ra4 Rc2 36.Rc4 Rxc4 37.Bxc4 Kf8 38.Kf3 Ke7 39.Ke4 Kf6 40.g4 Kg6 41.Kd5 f6
42.Ke6 h5 43.g5 fxg5 44.fxg5 Kh7 45.Kf7 Kh8 46.e4 1-0

[Event "2016 Wellington Easter Open"]
[Site "Wellington NZL"]
[Date "2016.03.26" ]
[Round "4.10"]
[White "Paul, David"]
[Black "Lyall, Simon"]
[Result "0-1"]
[WhiteElo "1886"]
[BlackElo "1988"]
[PlyCount "0"]
[EventDate "2016.03.25"]
[SourceDate ""]

1.e4 e5 2.Nf3 Nf6 3.d4 Nxe4 4.dxe5 d5 5.exd6 Bxd6 6.Bd3 Nf6 7.Qe2+ Qe7
8.Qxe7+ Bxe7 9.Nc3 Bd7 10.Bf4 c6 11.a3 Bc5 12.Ne4 Nxe4 13.Bxe4 h6 14.O-O O-O
15.Rfe1 Be6 16.Rad1 Nd7 17.Nd4 Nf6 18.Bf3 Bd5 19.Bxd5 Nxd5 20.Bg3 Rfe8 21.Nb3
Bb6 22.c4 Nf6 23.c5 Bd8 24.Rxe8+ Nxe8 25.Rd2 Bf6 26.Nd4 Bxd4 27.Rxd4 Nf6
28.f3 Re8 29.Rb4 Re7 30.Bd6 Rd7 31.Kf1 Nd5 32.Re4 f6 33.Kf2 Kf7 34.b4 Nc3
35.Re1 Nb5 36.Bb8 Rd8 37.a4 Rxb8 38.axb5 cxb5 39.Ra1 a6 40.c6 bxc6 41.Rxa6
Rc8 42.Rb6 Rc7 43.Ke3 Ke6 44.Kd4 Kd6 45.Ra6 Rd7 46.Ra2 g6 47.Ke4 Re7+ 48.Kd4
Re5 49.Rc2 Rd5+ 50.Ke4 f5+ 51.Ke3 c5 52.bxc5+ Rxc5 53.Rd2+ Kc6 54.Ra2 b4
55.Ra6+ Kb5 56.Rxg6 b3 57.Rxh6 b2 58.Rh8 Kb4 0-1

[Event "2016 Wellington Easter Open"]
[Site "Wellington NZL"]
[Date "2016.03.26" ]
[Round "4.12"]
[White "James, Jack"]
[Black "Theodosiou, Andreas"]
[Result "1-0"]
[WhiteElo "2097"]
[BlackElo "1489"]
[PlyCount "0"]
[EventDate "2016.03.25"]
[SourceDate ""]

1.e4 e5 2.Nf3 Nc6 3.d3 Nf6 4.Nbd2 d5 5.Be2 dxe4 6.dxe4 Bb4 7.c3 Bd6 8.h3 Be6
9.Qc2 h6 10.Nf1 Bc5 11.b4 Bb6 12.b5 Ne7 13.Nxe5 Qd6 14.Nf3 Rc8 15.e5 Qc5
16.Be3 Bf5 17.Qb3 Qd5 18.exf6 Qxb3 19.axb3 gxf6 20.Bxb6 axb6 21.c4 Rg8 22.Ne3
c6 23.bxc6 bxc6 24.Ra7 Be4 25.O-O b5 26.Ng4 Bxf3 27.Nxf6+ 1-0

[Event "2016 Wellington Easter Open"]
[Site "Wellington NZL"]
[Date "2016.03.26" ]
[Round "4.13"]
[White "Barraza-Perez, Jesse"]
[Black "Zhao, Aiden Tyler"]
[Result "1-0"]
[WhiteElo "1925"]
[BlackElo "1231"]
[PlyCount "0"]
[EventDate "2016.03.25"]
[SourceDate ""]

1.c4 c5 2.Nc3 Nc6 3.Nf3 e5 4.d3 g6 5.Bg5 Nf6 6.Ne4 Be7 7.Bxf6 Bxf6 8.Nd6+ Ke7
9.Ne4 Kf8 10.Qd2 b6 11.h4 Bg7 12.h5 d5 13.h6 dxe4 14.hxg7+ Kxg7 15.Qh6+ Kg8
16.Ng5 exd3 17.O-O-O Nb4 18.a3 dxe2 19.Rxd8# 1-0

[Event "2016 Wellington Easter Open"]
[Site "Wellington NZL"]
[Date "2016.03.26" ]
[Round "4.14"]
[White "Renjith, Sravan"]
[Black "Cunningham, Patrick D"]
[Result "1-0"]
[WhiteElo "1510"]
[BlackElo "1744"]
[PlyCount "0"]
[EventDate "2016.03.25"]
[SourceDate ""]

1.e4 e5 2.Nf3 Nc6 3.d4 exd4 4.Nxd4 Bc5 5.Nxc6 Qf6 6.Qd2 dxc6 7.Bd3 Ne7 8.O-O
O-O 9.Qf4 Qd4 10.Nc3 Ng6 11.Qd2 Be6 12.Ne2 Qd7 13.Kh1 Rad8 14.Qc3 Bb6 15.a4
a6 16.f4 Bg4 17.f5 Bxe2 18.Bxe2 Bd4 19.Qb3 Ne5 20.Bf4 Qe7 21.Qg3 Rfe8 22.f6
Qxf6 23.Bg5 Qg6 24.Bxd8 Rxd8 25.Qxg6 hxg6 26.Rad1 Rd6 27.c3 Bb6 28.Rxd6 cxd6
29.Rd1 Bc7 30.b4 Kf8 31.b5 axb5 32.axb5 Ke7 33.Ra1 d5 34.exd5 cxd5 35.Ra7 Kd6
36.Rxb7 Nc4 37.Bxc4 dxc4 38.b6 Bd8 39.Rxf7 Bxb6 40.Rxg7 Be3 41.Rxg6+ Ke5
42.Rg3 Ke4 43.h4 Kd3 44.h5 Ke2 45.Rxe3+ Kxe3 46.h6 Kd3 47.h7 Kxc3 48.h8=Q+
Kb3 49.g4 c3 50.Qxc3+ Kxc3 51.g5 Kd4 52.g6 1-0

[Event "2016 Wellington Easter Open"]
[Site "Wellington NZL"]
[Date "2016.03.26" ]
[Round "4.15"]
[White "Song, Kate"]
[Black "Lourenco, Eva"]
[Result "1-0"]
[WhiteElo "1701"]
[BlackElo "1060"]
[PlyCount "0"]
[EventDate "2016.03.25"]
[SourceDate ""]

1.e4 c5 2.Nf3 Nc6 3.d4 cxd4 4.Nxd4 g6 5.Nc3 Bg7 6.Be3 d6 7.Bb5 Bd7 8.O-O Nxd4
9.Bxd7+ Qxd7 10.Bxd4 Bxd4 11.Qxd4 e5 12.Qd2 Ne7 13.Rad1 O-O-O 14.Nd5 Nxd5
15.Qxd5 Qe6 16.Qa5 Kb8 17.Rd3 Rd7 18.Ra3 a6 19.Qb6 Qc4 20.h3 Rc8 21.Re1 h5
22.c3 Qb5 23.Qxb5 axb5 24.Rb3 Rc5 25.Rd1 d5 26.Rb4 Kc7 27.Kf1 dxe4 28.Rxd7+
Kxd7 29.Rxe4 Rd5 30.Ke2 Kc6 31.b3 f5 32.Re3 e4 33.f3 exf3+ 34.Rxf3 Kd6 35.Rg3
Re5+ 36.Kd2 Re6 37.Kd3 Kd5 38.c4+ bxc4+ 39.bxc4+ Kc5 40.Kc3 f4 41.Rg5+ Kc6
42.Kb4 b6 43.a4 Rf6 44.a5 bxa5+ 45.Kxa5 Rf5+ 46.Rxf5 gxf5 47.Kb4 h4 48.c5 Kc7
49.Kb5 Kb7 50.c6+ Kc7 51.Kc5 Kb8 52.Kd6 Kc8 53.c7 f3 54.gxf3 f4 55.Ke5 Kxc7
56.Kxf4 Kd6 57.Kg4 Ke5 58.f4+ Ke6 59.Kxh4 Kf5 60.Kg3 Kf6 61.Kg4 Kg6 62.h4 Kf7
63.h5 Kg7 64.Kg5 Kf7 65.h6 Kg8 66.Kg6 Kh8 67.f5 Kg8 68.f6 Kh8 69.Kf7 Kh7
70.Ke8 1-0

[Event "2016 Wellington Easter Open"]
[Site "Wellington NZL"]
[Date "2016.03.26" ]
[Round "4.16"]
[White "Phease, Tristan"]
[Black "List, Robert"]
[Result "0-1"]
[WhiteElo "987"]
[BlackElo "1661"]
[PlyCount "0"]
[EventDate "2016.03.25"]
[SourceDate ""]

1.e4 c5 2.Nf3 Nc6 3.d4 cxd4 4.Nxd4 e6 5.Nc3 a6 6.a3 Nf6 7.Bg5 Be7 8.Bc4 h6
9.Bh4 g5 10.Bg3 h5 11.h4 g4 12.e5 Nh7 13.Qd2 Qb6 14.O-O-O Nf8 15.Bb3 Nxd4
16.Qxd4 Qxd4 17.Rxd4 b5 18.f3 gxf3 19.gxf3 Bb7 20.Rf1 Rg8 21.Be1 Rg2 22.Ne4
Bxe4 23.Rxe4 Ng6 24.Rh1 O-O-O 25.f4 Rg4 26.c4 Rxf4 27.Rxf4 Nxf4 28.Kc2 Rg8
29.Rf1 Rg2+ 30.Kc3 Ne2+ 31.Kd3 Nc1+ 32.Kc3 Nxb3 33.Kxb3 bxc4+ 34.Kxc4 Rg4+
35.Kc3 Bxh4 36.Bxh4 Rxh4 37.Rxf7 Rh1 38.Kc4 h4 39.Kc5 Kc7 40.Kb4 Re1 41.Rh7
Re4+ 42.Kc3 Kc6 43.Kd3 Rg4 44.Kc3 Rg3+ 45.Kc4 h3 46.Kd4 Rb3 47.Kc4 Rf3 48.Kd4
Rg3 49.Kc4 d5+ 50.Kd4 Rg4+ 51.Kc3 Re4 52.Rxh3 Rxe5 53.Kd4 Kd6 54.Rb3 Re4+
55.Kd3 Kc5 56.Rb8 a5 57.b3 Rh4 58.Rc8+ Kb6 59.Re8 Re4 60.b4 axb4 61.axb4 Rxb4
62.Rxe6+ Kc5 63.Re5 Ra4 64.Kc3 Ra3+ 65.Kb2 Rf3 66.Rh5 Kc4 67.Rh4+ d4 68.Kc2
Rf2+ 69.Kc1 Kc3 70.Kd1 d3 71.Ke1 Ra2 72.Rh7 Ra1+ 0-1

[Event "2016 Wellington Easter Open"]
[Site "Wellington NZL"]
[Date "2016.03.26" ]
[Round "4.17"]
[White "Burns, Guy"]
[Black "Dai, Zhiheng"]
[Result "1-0"]
[WhiteElo "1642"]
[BlackElo "1129"]
[PlyCount "0"]
[EventDate "2016.03.25"]
[SourceDate ""]

1.d4 d5 2.c4 c6 3.e3 Nf6 4.Nc3 Bg4 5.f3 Bf5 6.Bd3 Bxd3 7.Qxd3 Nbd7 8.cxd5
cxd5 9.Nge2 e5 10.Qb5 exd4 11.Nxd4 Bc5 12.b4 a6 13.Qxb7 Bxd4 14.exd4 a5
15.Nxd5 Nxd5 16.Qxd5 axb4 17.Qe4+ Qe7 18.Qxe7+ Kxe7 19.Kf2 Kf6 20.Bd2 Rab8
21.Rhb1 g5 22.Rxb4 Rxb4 23.Bxb4 Rc8 24.a4 Ra8 25.a5 Nb8 26.Bc5 Na6 27.Bb6 h5
28.Rc1 Re8 1-0

[Event "2016 Wellington Easter Open"]
[Site "Wellington NZL"]
[Date "2016.03.26" ]
[Round "4.18"]
[White "Marko, H Nigel A"]
[Black "Murdoch, Stephen"]
[Result "0-1"]
[WhiteElo "1300"]
[BlackElo "1625"]
[PlyCount "0"]
[EventDate "2016.03.25"]
[SourceDate ""]

1.e4 d5 2.exd5 Qxd5 3.d4 Nf6 4.Nc3 Qd6 5.Nf3 c6 6.Bc4 Bf5 7.Bg5 Nbd7 8.Ne5
Nxe5 9.dxe5 Qxe5+ 10.Qe2 Qxe2+ 11.Nxe2 Bxc2 12.Nd4 Bg6 13.O-O Nd5 14.Rad1 e6
15.Rfe1 Kd7 16.Nf3 Bd6 17.Bb3 h6 18.Bd2 Bh5 19.Bxd5 cxd5 20.Bc3 Bxf3 21.gxf3
Rhg8 22.Bd4 b6 23.Kg2 g5 24.h3 Rac8 25.Re2 h5 26.a3 Rg6 27.Kh1 g4 28.Kg2
gxh3+ 29.Kxh3 Rcg8 30.Ree1 Bc5 31.Be3 Bxe3 32.fxe3 Rg3+ 33.Kh4 Rxf3 34.Re2 f5
35.Rh1 Rfg3 36.Rh3 R8g4+ 0-1

[Event "2016 Wellington Easter Open"]
[Site "Wellington NZL"]
[Date "2016.03.26" ]
[Round "4.19"]
[White "Braganza, Nadia"]
[Black "Winter, Ryan"]
[Result "1-0"]
[WhiteElo "1364"]
[BlackElo "1099"]
[PlyCount "0"]
[EventDate "2016.03.25"]
[SourceDate ""]

1.e4 c6 2.d4 d5 3.Nc3 dxe4 4.Nxe4 Nd7 5.Nf3 Ngf6 6.Bd3 Nxe4 7.Bxe4 Nf6 8.Bd3
Bg4 9.Be3 e6 10.O-O Bd6 11.h3 Bh5 12.c4 O-O 13.a3 Rc8 14.b4 Qe7 15.c5 Bb8
16.Re1 Nd5 17.Bxh7+ Kxh7 18.Ng5+ Kg8 19.Qxh5 Nf6 20.Qh4 Rcd8 21.Bd2 Qc7 22.g3
Rfe8 23.Re3 Kf8 24.Rf3 Ke7 25.Bf4 Qc8 26.Bxb8 Rh8 27.Qf4 Qxb8 28.Qxb8 Rxb8
29.Re1 Rbd8 30.Rd1 Rd5 31.h4 Rhd8 32.Rf4 e5 33.Re1 Kf8 34.dxe5 Re8 35.Rf5 Re7
36.Nf3 Ng4 37.Rg5 Nh6 38.Kg2 f6 39.exf6 Rxe1 40.fxg7+ Kg8 41.Rxd5 cxd5
42.Nxe1 Kxg7 43.Kf3 Kf6 44.Kf4 Nf5 45.h5 Ne7 46.g4 b6 47.cxb6 axb6 48.g5+ Kg7
49.Ke5 1-0

[Event "2016 Wellington Easter Open"]
[Site "Wellington NZL"]
[Date "2016.03.26" ]
[Round "4.20"]
[White "Steadman, Mathew"]
[Black "Austin, Tama"]
[Result "1/2-1/2"]
[WhiteElo "1368"]
[BlackElo "1178"]
[PlyCount "0"]
[EventDate "2016.03.25"]
[SourceDate ""]

1.d3 d5 2.Nf3 Nf6 3.c3 Bf5 4.Nbd2 e6 5.Qc2 c5 6.e4 Bg6 7.Be2 Nc6 8.O-O Bd6
9.Re1 O-O 10.Bf1 Qc7 11.b3 d4 12.Bb2 e5 13.cxd4 cxd4 14.a3 Rac8 15.Rac1 Nd7
16.b4 b5 17.g3 Ne7 18.Qxc7 Rxc7 19.Rxc7 Bxc7 20.Rc1 Bd6 21.Bh3 Nb6 22.Nb3 f5
23.exf5 Bxf5 24.Bxf5 Rxf5 25.Nfd2 Na4 26.Ba1 Nd5 27.Ne4 Bf8 28.Nbc5 Nab6
29.Rf1 Rf7 30.Rc1 Nf6 31.Nxf6+ 1/2-1/2